| 000 | 01283cam a22003617a 4500 | ||
|---|---|---|---|
| 003 | CHAP | ||
| 005 | 20220329142501.0 | ||
| 008 | 010604d2001 mx r 00110 spa d | ||
| 010 | _a84109 | ||
| 011 | _a85081 | ||
| 035 | _a95611 | ||
| 040 | _cCHAP | ||
| 090 | _aTesis | ||
| 100 | 0 | 0 |
_aEspinosa Mendoza, Luis Manuel. _937961 |
| 245 | 1 | 0 |
_aComparación de diéz cultivares de jitomate bajo tres sistémas de producción en hidroponia _c/por Luis Manuel Espinosa Mendoza |
| 260 |
_aChapingo, Méx. : _bEl autor, _c2001. |
||
| 300 |
_a71 h. : _bgráfs. |
||
| 502 | _aTesis (Ing. Agr. Esp en Fitotecnia) -- UACH. Departamento de Fitotecnia | ||
| 590 |
_aALEPH _b10 _c20130110 _lUCH01 _h1442 |
||
| 590 |
_aBATCH-UPD _b10 _c20130110 _lUCH01 _h0916 |
||
| 590 |
_aBATCH-UPD _b10 _c20130410 _lUCH01 _h0539 |
||
| 590 |
_aBATCH-UPD _b10 _c20130914 _lUCH01 _h1616 |
||
| 590 |
_aCONVERSION _b10 _c20130109 _lUCH01 _h1347 |
||
| 650 | 1 | 4 |
_aHidroponía. _955280 |
| 650 | 1 | 4 |
_aTomate _xRendimiento. _9113761 |
| 650 | 2 | 4 |
_aSistemas de cultivo. _9106746 |
| 650 | 2 | 4 |
_aSistemas de producción. _9106767 |
| 901 | _aBK | ||
| 905 | _aMayto Villalobos S. | ||
| 942 | _cFOLL | ||
| 949 |
_aTesis _bBC _cTES _d33724000823357 _eTS2 _fc.2 _h38199 _i95611 _si |
||
| 949 |
_aTesis _bBC _cTES _d956111 _eTS1 _h38200 _i95611 _sb |
||
| 999 |
_c84109 _d84109 |
||